Erling Haaland - Les équipes contre qui il a marqué - Statistiques

Statistiques générales
  • Ce quiz a été pris 101 fois
  • Le résultat moyen est 16 sur 90
Statistiques - réponses
Club Ligue Equipe Nationale Nbr de but % Correct
Bayern Munich Allemagne 8
79%
Manchester United Angleterre 3
67%
RB Leipzig Allemagne 11
63%
Liverpool Angleterre 2
62%
Arsenal Angleterre 2
61%
Dortmund Allemagne 1
55%
Paris Saint-Germain France 2
52%
Tottenham Angleterre 1
49%
Brighton Angleterre 2
36%
Leicester Angleterre 2
36%
Aston Villa Angleterre 1
35%
Wolfsbourg Allemagne 5
34%
Bayer Leverkusen Allemagne 4
33%
West Ham United Angleterre 3
33%
Everton Angleterre 2
31%
Newcastle Angleterre 1
31%
Fribourg Allemagne 4
30%
Séville Espagne 6
30%
Union Berlin Allemagne 4
30%
Schalke 04 Allemagne 4
29%
Club Bruges Belgique 4
28%
Leeds Angleterre 2
28%
Cologne Allemagne 4
27%
Crystal Palace Angleterre 3
26%
Eintracht Francfort Allemagne 3
26%
Hoffenheim Allemagne 3
26%
Borussia M'gladbach Allemagne 4
25%
Mayence Allemagne 2
25%
Werder Breme Allemagne 4
25%
Fulham Angleterre 2
24%
Naples Italie 3
24%
Southampton Angleterre 3
24%
Augsbourg Allemagne 3
22%
Burnley Angleterre 3
21%
Nottingham Forest Angleterre 3
21%
Bournemouth Angleterre 1
20%
Suède UEFA 4
20%
Copenhague Danemark 2
17%
Feyenoord Pays-bas 1
17%
Genk Belgique 4
16%
Hertha Berlin Allemagne 5
16%
Wolverhampton Angleterre 4
16%
Bochum Allemagne 3
15%
Rapid Vienne Autriche 1
15%
Besiktas Turquie 3
13%
Pays-bas UEFA 1
13%
Gibraltar UEFA 3
12%
Autriche UEFA 1
11%
Luxembourg UEFA 1
11%
Lettonie UEFA 1
10%
Zenith Saint-Pétersbourg Russie 2
9%
Fortuna Dusseldorf Allemagne 1
8%
Slovénie UEFA 1
8%
Lazio Rome Italie 1
7%
Roumanie UEFA 3
7%
Serbie UEFA 1
7%
Slovaquie UEFA 1
7%
Bodo/Glimt Norvege 1
6%
Honduras U20 CONCACAF U20 9
6%
Irlande du Nord UEFA 2
6%
Admira Autriche 1
4%
Girona Espagne 1
4%
Rheindorf Altach Autriche 2
4%
Viking Norvege 1
4%
Brann Norvege 5
3%
Greuther Furth Allemagne 2
3%
Paderborn Allemagne 1
3%
Tromso Norvege 1
3%
Arménie UEFA 2
2%
Hartberg Autriche 3
2%
Laçi Albanie 1
2%
Lillestrom Norvege 1
2%
Mattersburg Autriche 1
2%
Sankt Pauli Allemagne 1
2%
Valerenga Norvege 2
2%
Albanie U19 UEFA U19 2
1%
Allemagne U19 UEFA U19 2
1%
Ecosse U19 UEFA U19 3
1%
Hibernian Ecosse 2
1%
Israel U17 UEFA U17 2
1%
Italie U19 UEFA U19 1
1%
Linzer Autriche 1
1%
Montenegro U19 UEFA U19 1
1%
Polten Autriche 2
1%
Sarpsborg Norvege 2
1%
Stromsgodset Norvege 1
1%
Ukraine U19 UEFA U19 1
1%
Wolfsberger Autriche 6
1%
Wattens Autriche 2
0%
Wehen Wiesbaden Allemagne 3
0%
Aucun quiz correspondant
Distribution des résultats
% des personnes avec chaque résultat
Percentile par nombre de réponses
Votre historique - résultats
Vous n’avez pas pris ce quiz